|
|
|
|
| LEADER |
00880cam a2200229 7i4500 |
| 001 |
0000077832 |
| 005 |
20230525090000.0 |
| 020 |
|
|
|a 9781003122357 (electronic book)
|
| 090 |
0 |
0 |
|a TK5105.8857
|b .I55 2022
|
| 245 |
0 |
0 |
|a Internet of things :
|b a hardware development perspective
|c edited by Mohammad Ayoub Khan.
|
| 264 |
|
|
|a Boca Raton, FL:
|b CRC Press,
|c 2022.
|
| 300 |
|
|
|a 1 online resource (272 pages):
|b illustrations, text file, PDF.
|
| 336 |
|
|
|a text
|2 rdacontent
|
| 337 |
|
|
|a computer
|2 rdamedia
|
| 338 |
|
|
|a online resource
|2 rdacarrier
|
| 650 |
|
0 |
|a Internet of things
|
| 655 |
|
0 |
|a Electronic books
|
| 700 |
1 |
|
|a Khan, Mohammad Ayoub
|
| 856 |
4 |
2 |
|u http://library.unisel.edu.my/web/guest/mylibrary
|
| 997 |
|
|
|a Engineering & Life Sciences, Faculty
|b Engineering, Department
|
| 998 |
|
|
|a Electrical Engineering, Degree
|
| 999 |
|
|
|a EBO0020210
|b EBOOK
|c EBOOK
|e Electronic resources
|